Top 30 des sites touristiques français - Statistiques

Statistiques générales
  • Ce quiz a été pris 436 fois
    258 depuis la dernière actualisation
  • Le résultat moyen est 6 sur 30
Statistiques - réponses
% Correct
Tour Eiffel
94%
Musée du Louvre
83%
Abbaye du Mont Saint Michel
70%
Arc de Triomphe
62%
Disneyland Paris
50%
Chateau de Versailles
43%
Parc Astérix
36%
Futuroscope
33%
Musée d'Orsay
32%
Puy du Fou
27%
Chateau de Chambord
26%
Musée d'art moderne du Centre Pompidou
17%
chateau de Chenonceau
16%
Musée Grevin
14%
Musée du quai Branly
9%
Zoo de Beauval
9%
Cité des Sciences et de l'Industrie
5%
Galleries Nationales du Grand Palais
5%
Viaduc de Millau
5%
Musée de l'armée
2%
Chateau de Vizille
1%
Sainte Chapelle
1%
Tour Montparnasse
1%
Bateaux promenades de Strasbourg
0%
Chateau et musée des Ducs de Bretagne
0%
Chemin de fer du Montenvers - Mer de Glace
0%
Cimetière américain de Normandie
0%
Muséum national d'histoire naturelle
0%
Téléphérique de l'Aiguille du Midi
0%
Zoo du Bois de Vincennes
0%
Aucun quiz correspondant
Distribution des résultats
% des personnes avec chaque résultat
Percentile par nombre de réponses
Votre historique - résultats
Vous n’avez pas pris ce quiz depuis la dernière actualisation